[Event "Titled Tuesday intern op 01st June"]
[Site "Chess.com INT"]
[Date "2021.06.01"]
[Round "10"]
[White "Kalajzic, Ivan"]
[Black "Baradaran, Arman"]
[Result "1/2-1/2"]
[WhiteElo "2112"]
[BlackElo "1980"]
[PlyCount "206"]
[EventDate "2021.06.01"]
[EventType "swiss (blitz)"]
[EventRounds "11"]
[EventCountry "USA"]
[SourceTitle "CBM 202 Extra"]
[Source "ChessBase"]
[SourceDate "2021.07.31"]
[SourceVersion "1"]
[SourceVersionDate "2021.07.31"]
[SourceQuality "1"]

1. b4 d5 2. Bb2 Nf6 3. e3 g6 4. Bxf6 exf6 5. g3 Bxb4 6. Bg2 0-0 7. Ne2 c5 8. 0-0 d4 9. c3 dxc3 10. Nbxc3 Nc6 11. a3 Ba5 12. Nd5 Be6 13. Nef4 Kg7 14. Rb1 Rb8 15. Nxe6+ fxe6 16. Nf4 Qd7 17. d3 Rfe8 18. Qb3 b6 19. Rfd1 e5 20. Nd5 Ne7 21. d4 exd4 22. exd4 Nxd5 23. Bxd5 cxd4 24. Rxd4 Rbd8 25. Rbd1 Re1+ 26. Kg2 Rxd1 27. Qxd1 Qe7 28. a4 Bc3 29. Rd3 Bb4 30. Bf3 Rxd3 31. Qxd3 Qd6 32. Qa6 Qe7 33. Qc8 Bc5 34. Bd5 a5 35. Qg8+ Kh6 36. Qb8 Qe2 37. Qf4+ Kg7 38. Bc6 Qe5 39. Qf3 Qe7 40. Bb5 Qd6 41. h4 h5 42. Qb7+ Qe7 43. Qd5 Qf7 44. Qd3 Qe7 45. Qf3 Qf7 46. Bd3 Qe7 47. Bc2 Qf7 48. Qd3 f5 49. Qc3+ Qf6 50. Qd3 Qd4 51. Qf3 Kf6 52. Bb3 Qd6 53. Qe2 Qd4 54. Qe6+ Kg7 55. Qf7+ Kh6 56. Qd5 Qxf2+ 57. Kh3 Qf1+ 58. Qg2 Qb1 59. Bc2 Qc1 60. Bb3 Be3 61. Bd5 f4 62. gxf4 Bxf4 63. Bf3 Qe3 64. Qe2 Qxe2 65. Bxe2 g5 66. hxg5+ Kxg5 67. Bb5 h4 68. Bc6 Bg3 69. Bb5 Kf4 70. Bc6 Ke3 71. Bb5 Kd4 72. Be8 Kc3 73. Bb5 Kb4 74. Bd7 Be1 75. Bb5 Kc5 76. Bd7 Kb4 77. Bb5 Bg3 78. Be8 Kc3 79. Bb5 Kd4 80. Be8 Ke5 81. Bb5 Kf6 82. Bc6 Kg5 83. Bb5 Kf4 84. Bc6 Be1 85. Bb5 Ke3 86. Bc6 Kd4 87. Bb5 Kc5 88. Be8 Kd6 89. Bb5 Ke7 90. Bc6 Kd6 91. Bb5 Bg3 92. Be8 Ke7 93. Bb5 Kd8 94. Bc6 Kc7 95. Bb5 Kd8 96. Bc6 b5 97. Bxb5 Kc7 98. Bc4 Kd6 99. Bb5 Kc5 100. Bd7 Be1 101. Bb5 Bg3 102. Bd7 Kb4 103. Bb5 Kc5 1/2-1/2

[Event "Titled Tuesday intern op 25th May"]
[Site "Chess.com INT"]
[Date "2021.05.25"]
[Round "10"]
[White "Baradaran, Arman"]
[Black "Schut, Han"]
[Result "1/2-1/2"]
[WhiteElo "1980"]
[BlackElo "2101"]
[PlyCount "73"]
[EventDate "2021.05.25"]
[EventType "swiss (blitz)"]
[EventRounds "11"]
[EventCountry "USA"]
[SourceTitle "CBM 203 Extra"]
[Source "ChessBase"]
[SourceDate "2021.09.30"]
[SourceVersion "1"]
[SourceVersionDate "2021.09.30"]
[SourceQuality "1"]

1. d4 Nf6 2. c4 g6 3. Nc3 d5 4. Bg5 Bg7 5. Bxf6 Bxf6 6. cxd5 c5 7. dxc6 Bxd4 8. cxb7 Bxb7 9. e3 Bxc3+ 10. bxc3 Qa5 11. Qb3 Ba6 12. Bc4 0-0 13. Ne2 Nd7 14. Bxa6 Qxa6 15. Qc2 Nc5 16. 0-0 Rfc8 17. c4 Na4 18. Rfc1 Rc5 19. Qe4 Re8 20. Nf4 e6 21. Nd5 f5 22. Qe5 Rf8 23. Nf6+ Kf7 24. Qd4 e5 25. Qd7+ Kxf6 26. Rd1 Rc6 27. Qd5 Nc5 28. f4 Re8 29. fxe5+ Rxe5 30. Qd8+ Kg7 31. Rd5 Rxd5 32. cxd5 Rd6 33. Qe7+ Kh6 34. Qh4+ Kg7 35. Qe7+ Kh6 36. Qh4+ Kg7 37. Qe7+ 1/2-1/2

[Event "Titled Tuesday intern op 25th May"]
[Site "Chess.com INT"]
[Date "2021.05.25"]
[Round "9"]
[White "Makhmudov, Shukhrat"]
[Black "Baradaran, Arman"]
[Result "1-0"]
[WhiteElo "2115"]
[BlackElo "1980"]
[PlyCount "135"]
[EventDate "2021.05.25"]
[EventType "swiss (blitz)"]
[EventRounds "11"]
[EventCountry "USA"]
[SourceTitle "CBM 203 Extra"]
[Source "ChessBase"]
[SourceDate "2021.09.30"]
[SourceVersion "1"]
[SourceVersionDate "2021.09.30"]
[SourceQuality "1"]

1. e4 e5 2. Nf3 Nc6 3. Bb5 a6 4. Ba4 Nf6 5. 0-0 Be7 6. Bxc6 dxc6 7. d3 Nd7 8. Be3 c5 9. Nbd2 0-0 10. h3 b6 11. Nc4 f6 12. a4 a5 13. Nh4 Re8 14. Nf5 Bf8 15. Ng3 Nb8 16. f4 Nc6 17. fxe5 Nxe5 18. Nxe5 Rxe5 19. b3 Re8 20. Qf3 Bd6 21. Nh5 Be5 22. Rad1 Be6 23. Kh1 Qd6 24. Bf4 Bf7 25. Bxe5 Qxe5 26. Ng3 Be6 27. Ne2 Rad8 28. Nf4 Bf7 29. Rde1 Qc3 30. Re2 Rd4 31. Ref2 c4 32. Ne2 Qxc2 33. Nxd4 Qxd3 34. Qxd3 cxd3 35. Re1 c5 36. Nf5 Bxb3 37. Ra1 c4 38. Nd4 Rxe4 39. Nxb3 cxb3 40. Rd2 Rd4 41. Rb1 Rxa4 42. Rxb3 Ra1+ 43. Kh2 a4 44. Rxb6 a3 45. Rxd3 a2 46. Ra6 Kf7 47. Rd2 Re1 48. Rdxa2 Re5 49. Rd2 Kg6 50. Rd4 Kh6 51. Rh4+ Kg6 52. Ra7 h5 53. Rf4 Kh6 54. Rf3 Rg5 55. Rg3 Rxg3 56. Kxg3 Kg6 57. h4 Kh6 58. Kf4 Kg6 59. g3 Kh6 60. Kf5 g5 61. hxg5+ fxg5 62. Ra6+ Kh7 63. Kxg5 h4 64. gxh4 Kg7 65. Rf6 Kh7 66. Rf7+ Kg8 67. Kg6 Kh8 68. Rf8# 1-0